[Event "Euskadi ch"]
[Site "Zornotza"]
[Date "2014.04.27"]
[Round "7"]
[White "Marchena Hurtado, Javier"]
[Black "Sanchez Ruesga, Hector"]
[Result "1-0"]
[WhiteElo "2147"]
[BlackElo "2092"]

1. e4 c5 2. Nf3 e6 3. d4 cxd4 4. Nxd4 a6 5. Bd3 Bc5 6. Nb3 Ba7 7. Nc3 d6 
8. Qe2 Nc6 9. Be3 Nf6 10. O-O-O Bxe3+ 11. Qxe3 O-O 12. f4 Qc7 13. Kb1 b5 
14. Rhg1 Qa7 15. Qf3 b4 16. Ne2 Bb7 17. g4 Nd7 18. g5 Rfc8 19. Qh3 Re8 20.
 e5 g6 21. exd6 Rad8 22. Ng3 Qe3 23. Rde1 Qb6 24. Rd1 Qe3 25. Rge1 Qxf4 
26. Rf1 Qxg5 27. Rxf7 h5 28. Ne4 Qg4 29. Qxg4 hxg4 30. Rxd7 Rxd7 31. Nf6+ 
Kg7 32. Nxd7 Nd8 33. Ne5 Rh8 34. Nxg4 g5 35. Rg1 Nf7 36. d7 Rd8 37. Nc5 
Bd5 38. Bxa6 e5 39. Ne3 Bc6 40. Ne6+ 1-0

[Event "Euskadi ch"]
[Site "Zornotza"]
[Date "2014.04.27"]
[Round "7"]
[White "Diaz Herrero, Alvaro"]
[Black "Perez Fernandez, Modesto"]
[Result "0-1"]
[WhiteElo "2210"]
[BlackElo "2038"]

1. g3 d5 2. Bg2 Nf6 3. Nf3 Bg4 4. O-O Nbd7 5. d3 e5 6. c4 c6 7. cxd5 cxd5 
8. Qa4 Bd6 9. Nc3 Be6 10. Ng5 O-O 11. Nxe6 fxe6 12. Bd2 Qb6 13. Qb5 Rac8 
14. Rac1 a6 15. Qxb6 Nxb6 16. Nb1 Bc5 17. Bh3 Kf7 18. Ba5 Nbd7 19. Bc3 Rc6
20. b3 Rfc8 21. Bb2 Bd4 22. Rxc6 Rxc6 23. Bxd4 exd4 24. Re1 Rc2 25. a3 Nc5
26. b4 Nb3 27. Bf1 Ng4 28. Kg2 Ke7 29. Kg1 Kd6 30. Kg2 h6 31. Kg1 b6 32. 
Kg2 Ra2 33. Rd1 Rc2 34. Kg1 Ne5 35. Kg2 Nc6 36. Kg1 Na7 37. e4 Nb5 38. 
exd5 Kxd5 39. Bg2+ Kd6 40. Be4 Ra2 41. Bb7 a5 42. bxa5 bxa5 43. Ba6 Nxa3 
44. Nxa3 Rxa3 45. Bc4 a4 46. Kg2 Na5 47. Bb5 Kc5 48. Bd7 Kd6 49. Bb5 Nb7 
50. Rc1 Nc5 51. Rc4 Rxd3 52. Rxc5 Kxc5 53. Bxd3 a3 54. Bb1 Kb4 55. Ba2 e5 
56. Kf1 Kc3 57. Ke1 Kc2 0-1

[Event "Euskadi ch"]
[Site "Zornotza"]
[Date "2014.04.27"]
[Round "7"]
[White "Hernandez Perez, Jesus"]
[Black "Sarralde Osua, Diego"]
[Result "1/2-1/2"]
[WhiteElo "2011"]
[BlackElo "2133"]

1. d4 d6 2. Nf3 c6 3. e4 Nd7 4. Nc3 e5 5. Bc4 Be7 6. O-O Ngf6 7. a4 O-O 8.
 h3 h6 9. Be3 Nh7 10. Qd2 Nb6 11. Bb3 Ng5 12. Nxg5 Bxg5 13. Bxg5 hxg5 14. 
dxe5 dxe5 15. Qxd8 Rxd8 16. a5 Nd7 17. Rfd1 Re8 18. Bc4 Kf8 19. b4 a6 20. 
Na4 Ke7 21. Rd2 Rb8 22. c3 Nf8 23. Nc5 f6 24. Rad1 Ra8 25. f3 Rb8 26. Kf2 
Ra8 27. Kg3 Rb8 28. Kf2 Ra8 29. Kg3 Rb8 30. Kf2 1/2-1/2

[Event "Euskadi ch"]
[Site "Zornotza"]
[Date "2014.04.27"]
[Round "7"]
[White "Goiria Egidazu, Jon Asel"]
[Black "Rodriguez Gonzalez, Alex"]
[Result "1/2-1/2"]
[WhiteElo "1955"]
[BlackElo "1971"]

1. e4 c5 2. Nc3 a6 3. f4 b5 4. g3 Bb7 5. Bg2 e6 6. d3 b4 7. Na4 d5 8. Qe2 
Nc6 9. Nf3 dxe4 10. dxe4 Nf6 11. e5 Nd5 12. O-O Qa5 13. b3 Qb5 14. Qe1 Nd4
15. Nxd4 cxd4 16. f5 Nc3 17. fxe6 Ne2+ 18. Kf2 Bxg2 19. exf7+ Kxf7 20. 
Kxg2+ Ke8 21. Qf2 Qc6+ 22. Qf3 Rc8 23. Rf2 d3 24. Bb2 Qxf3+ 25. Kxf3 Rxc2 
26. Ke3 Rxb2 27. Nxb2 Bc5+ 28. Kxd3 Bxf2 29. Kxe2 Bd4 30. Rc1 Ke7 31. Nd3 
Bc3 32. Ke3 Rd8 33. Rf1 Ke6 34. Rf4 Rd5 35. Re4 g5 36. Nxb4 Rd2 37. Nxa6 
Rd1 38. Nc7+ Ke7 39. Nd5+ Rxd5 40. h4 gxh4 41. Rxh4 Rxe5+ 1/2-1/2

[Event "Euskadi ch"]
[Site "Zornotza"]
[Date "2014.04.27"]
[Round "7"]
[White "Garcia Sanchez, Jose Manuel"]
[Black "Cucarella Montell, Angels"]
[Result "1-0"]
[WhiteElo "1793"]
[BlackElo "1978"]

1. e4 c5 2. Nf3 e6 3. c3 d5 4. exd5 Qxd5 5. c4 Qd8 6. Be2 Nc6 7. O-O Nf6 
8. Nc3 Be7 9. b3 O-O 10. Bb2 a6 11. a3 Qc7 12. Qc2 Ng4 13. Ne4 f5 14. Ng3 
e5 15. h3 e4 16. hxg4 exf3 17. Bxf3 fxg4 18. Be4 h6 19. Bd5+ Kh8 20. Qg6 
Nd4 21. Be4 Kg8 22. Qh7+ Kf7 23. Bg6+ Ke6 24. Qxg7 Qd6 25. Rae1+ Kd7 26. 
Bxd4 cxd4 27. Nf5 Rxf5 28. Bxf5+ Kd8 29. Re5 Qf6 30. Qg8+ Kc7 31. Qd5 Bd6 
32. Rfe1 Bxf5 33. Rxf5 Qh4 34. Rf7+ 1-0

[Event "Euskadi ch"]
[Site "Zornotza"]
[Date "2014.04.27"]
[Round "7"]
[White "Galarza Cenzano, Inigo"]
[Black "Garrido Legarreta, Jose Javier"]
[Result "1/2-1/2"]
[WhiteElo "2035"]
[BlackElo "2050"]

1. d4 Nf6 2. c4 g6 3. Nf3 Bg7 4. Nc3 d5 5. Qb3 dxc4 6. Qxc4 O-O 7. e4 Na6 
8. Be2 c5 9. d5 e6 10. O-O exd5 11. exd5 Bf5 12. Be3 Qb6 13. Nh4 Bd7 14. 
Rab1 Qa5 15. a3 Rac8 16. Rbd1 Rfe8 17. Qb3 Qb6 18. Qxb6 axb6 19. Bb5 Nc7 
20. Bxd7 Nxd7 21. d6 Ne6 22. Nd5 Kf8 23. Nf3 Rc6 24. Ne7 Rxe7 25. dxe7+ 
Kxe7 26. Rd2 Ne5 27. Nxe5 Bxe5 28. Rfd1 Nd4 29. Bxd4 Bxd4 30. g3 Rc8 31. 
Kg2 b5 32. Kf3 Ra8 33. Rc2 b6 34. Rd3 Ra4 35. Rb3 Ra5 36. Ke4 Kd6 37. g4 
f6 38. Rh3 Ra7 39. f4 Re7+ 40. Kd3 Kd5 41. b3 Re4 42. Rf3 Re1 43. Rh3 Ra1 
44. Rxh7 Rxa3 45. Rd7+ Ke6 46. Rxd4 Rxb3+ 47. Kd2 cxd4 48. Rc6+ Kd5 49. 
Rxf6 Ke4 50. Re6+ Kxf4 51. Rxg6 b4 52. Rxb6 Kxg4 53. Rd6 d3 54. Rxd3 Rxd3+
1/2-1/2